| 000 | 00384 a2200169 4500 | ||
|---|---|---|---|
| 001 | 191431 | ||
| 020 | _a85-06-03826-X | ||
| 040 | _cMagnum | ||
| 100 | _aCoole, Maria | ||
| 240 | 1 | 0 |
_aOba! gatinhos à vista... _lpor |
| 245 | 1 | 0 | _aOba! gatinhos à vista... |
| 300 | _a127 | ||
| 362 | 0 | _a2003 | |
| 440 | 1 | _aMelhoramentos | |
| 697 | _aLITERATURA JUVENIL ESTRANGEIRA | ||
| 942 | _cBK | ||
| 999 |
_c191431 _d191431 |
||